Cooperación y asistencia judicial con la Corte Penal Internacional. Contribuciones de América Latina, Alemania, España e Italia
Gespeichert in:
| Hauptverfasser: | , , |
|---|---|
| Format: | Buch |
| Sprache: | Spanisch |
| Veröffentlicht: |
Berlín
Konrad Adenauer Stitung
2007
|
| Schlagworte: | |
| Tags: |
Tag hinzufügen
Keine Tags, Fügen Sie den ersten Tag hinzu!
|
MARC
| LEADER | 00000nam a2200000 a 4500 | ||
|---|---|---|---|
| 001 | UCI1901 | ||
| 003 | CL-VaPUC | ||
| 008 | 070727e20070000GW |||||||||||||||||spa|d | ||
| 020 | |a 9789974794283 | ||
| 082 | 0 | 4 | |a 341.77 |b AMB |2 21 |
| 100 | 0 | |a Ambos, Kai |e author |9 522707 | |
| 700 | 0 | |a Malarino, Ezequiel |e author |9 522708 | |
| 700 | 0 | |a Elsner, Gisela |e author |9 522709 | |
| 245 | 1 | 0 | |a Cooperación y asistencia judicial con la Corte Penal Internacional. Contribuciones de América Latina, Alemania, España e Italia |
| 300 | |a 735 p | ||
| 942 | |c BK | ||
| 945 | |d 20070727 00:00:00 |a rbrito | ||
| 260 | |a Berlín |b Konrad Adenauer Stitung |c 2007 | ||
| 600 | 0 | 7 | |a CORTE PENAL INTERNACIONAL |2 CL-VaPUC |9 490982 |
| 650 | 0 | |a Derecho penal internacional |9 371889 | |
| 650 | 0 | |a Asistencia judicial |9 254864 | |
| 650 | 7 | |a COOPERACION JUDICIAL |2 CL-VaPUC |9 522710 | |
| 583 | |a last modification |c 20161003 07:57:46 |k Rodrigo Vera | ||
| 999 | |c 326594 |d 326592 | ||
| 952 | |0 0 |1 0 |4 0 |6 341_770000000000000_AMB_2007 |7 0 |8 A |9 408615 |a BIBDER |b BIBDER |d 2019-11-22 |i 4360311 |o 341.77 AMB 2007 |p 4360311 |r 2023-01-25 |w 2019-11-22 |y BK |k DER | ||